Piráti krásy ktorí hľadali a objavovali krásu v slove, krásu v prírode, krásu v Božom stvorení

Bibliographic Details
Main Author: Gallik, Ján, 1983- (Author)
Format: Article
Language:Slovak
PhysicalDescription:Fotogr.
ISSN:1335-3470
Subjects:
Online Access:http://www.kultura-fb.sk/new/old/archive/pdf/kult1909.pdf

MARC

LEADER 00000nab a2200000 a 4500
001 vtls010036580
003 SK-MaSNL
005 20260304161150.0
008 250507c2009 xo mr|p||||||||00 ||slo
015 |a SNBRB2010/01  |2 snkbucl 
035 |a (uuid)a20e5aef-5ab8-4b7d-a460-ddc1a7741471 
035 |a urn:nbn:sk:snk-ab963y 
035 |a (urnnbn)urn:nbn:sk:snk:ar-0070vo 
038 |a SNKBUCL 
040 |a SNKBUCL  |b slo  |c SNKBUCL  |e AACR2 
041 0 |a slo 
044 |a xo  |c SK 
080 |a 82:929:821.162.4  |2 2001 
080 |a 821.162.4  |2 2001 
080 |a 82-051  |2 2001 
080 |a 929 Silan, Janko  |2 2001 
080 |a 929 Oliva, Paľo  |2 2001 
080 |a 929 Šprinc, Mikuláš  |2 2001 
100 1 |a Gallik, Ján,  |d 1983-  |4 aut  |9 151444 
245 1 0 |a Piráti krásy  |b ktorí hľadali a objavovali krásu v slove, krásu v prírode, krásu v Božom stvorení  |c Ján Gallik 
300 |b Fotogr. 
600 1 7 |a Silan, Janko,  |d 1914-1984  |2 snkbucl  |9 222852 
600 1 7 |a Oliva, Paľo,  |d 1914-1941  |2 snkbucl  |9 15059 
600 1 7 |a Šprinc, Mikuláš,  |d 1914-1986  |2 snkbucl  |9 14890 
655 7 |a profily  |2 snkbucl  |9 341977 
773 0 |t Kultúra  |g Roč. XII, č. 19 (2009), s. 6-7  |x 1335-3470 
850 |a Slovenská národná knižnica 
852 |a Slovenská národná knižnica 
856 4 1 |u http://www.kultura-fb.sk/new/old/archive/pdf/kult1909.pdf 
954 |a odborná, vedecká literatúra pôvodná (slovenská)  |2 lita 
958 |a article13 
958 |a OND 
958 |a BX 
958 |a LX 
958 |a EUIPO 
999 |c 2970227  |d 2972157